Score 0/16 Timer 02:00
0 Plays Today
Movie Title Missing Word % Correct
______ the West was WonHow
97.2%
It's a ______ LifeWonderful
93.3%
Mr. Smith Goes to ______Washington
91.3%
______ WindowRear
86.7%
The Greatest ______ on EarthShow
85.6%
The Philadelphia ______Story
85.6%
The Man Who Shot ______ ValanceLiberty
82.5%
The Shop Around the ______Corner
82.4%
Movie Title Missing Word % Correct
The ______ of St. LouisSpirit
72.4%
The Cheyenne Social ______Club
72%
An American ______: Fievel Goes WestTail
67.9%
Anatomy of a ______Murder
66.7%
Destry ______ AgainRides
66.1%
The ______ Miller StoryGlenn
61.7%
The ______ of the PhoenixFlight
58.6%
______ '73Winchester
20.2%

Today's Daily Dose

Missing Word
I Hardly Know Her!

Word Ladder
Sentence Ending

Quick Pick
Female Firsts

Get the Picture
Triathlon Sports

Remove Ads.
Support Sporcle.
Get the best of Sporcle when you Go Orange. This ad-free experience offers more features, more stats, and more fun while also helping to support Sporcle. Thank you for becoming a member.

You're not logged in!

Compare scores with friends on all Sporcle quizzes.
OR
Log In

Show Comments

Extras

Top Quizzes Today


Score Distribution

Your Account Isn't Verified!

In order to create a playlist on Sporcle, you need to verify the email address you used during registration. Go to your Sporcle Settings to finish the process.

Report this User

Report this user for behavior that violates our Community Guidelines.

Details: